| 000 | 00913nam a22002177a 4500 | ||
|---|---|---|---|
| 999 |
_c1923 _d1923 |
||
| 003 | AR-CdUCM | ||
| 008 | 190228b ||||| |||| 00| 0 spa d | ||
| 040 |
_aMUNICIPALIDAD PROVINCIAL DEL CUSCO _cBIBLIOTECA MUNICIPAL DEL CUSCO |
||
| 082 |
_a394.4 / _bE72 |
||
| 100 |
_aEscalante, Carmen _97030 |
||
| 245 | _aEl agua en la cultura andina / | ||
| 260 |
_aLima : _bPrograma de Agua y Sanemiento Banco Mundial, _c1999. |
||
| 300 |
_a95 páginas ; _c21 cm. |
||
| 505 | _aAgua y cultura -- El culto al agua en las culturas preincaicas -- El agua en la cultura Quechua contemporáneas -- Riego, agricultura y culto del agua -- Ceremonias de agradecimiento al dios dador de agua ... | ||
| 650 |
_aTradiciones orales _97031 |
||
| 650 |
_aetnias contemporáneas _97032 |
||
| 650 |
_aWakas _96635 |
||
| 700 |
_aProyecto de Saneamiento Básico en la Sierra Sur _97033 |
||
| 942 |
_2ddc _cLIBROS |
||
| 945 |
_araen _d2019-02-28 |
||